| 000 | 00685nam a2200217Ia 4500 | ||
|---|---|---|---|
| 005 | 20220802143312.0 | ||
| 008 | 210716s2008 xx 000 0 und d | ||
| 020 | _a007058320X | ||
| 040 | _cAIMIT LIBRARY | ||
| 041 | _aeng | ||
| 082 |
_a574.80285 _21 _bBALH |
||
| 100 |
_aBal, Harshawardhan P. _954363 |
||
| 245 |
_aBioinformatics : _bprinciples and applications / _cBy Harshawardhan P Bal. |
||
| 250 | _a1st ed. | ||
| 260 |
_aNew Delhi : _bTata McGraw Hill Publishing Company Ltd , _c2008. |
||
| 300 |
_axiii, 217p. ; _c24 cm. |
||
| 650 |
_aPrinciples _954364 |
||
| 650 |
_aApplication _954365 |
||
| 650 |
_aParsing BLAST output _954366 |
||
| 942 |
_2ddc _cBK _e1st _k574.80258 BALH |
||
| 999 |
_c186979 _d186979 |
||